=LDR 00000nam 2200000 4500 =001 NUTBA000000000002081 =005 20140602150723.0 =006 =007 =008 =020 ##$$a 978-979-665-590-0 =035 ##$$a 0010-061400000000024 =040 ##$$a NBPDMAT =082 ##$$a 745.592 =090 ##$$a 745.592 $b Ric m =100 ##$$a Richard Churchill =245 ##$$a Mainan kertas yang dapat terbang / $c E.Richard Churchill =250 ##$$a Cet.1 =260 ##$$a Bandung : $b Angkasa, $c 2009 =300 ##$$a iv, 80 hlm. : $c ilus. ; $c 25 cm. =650 ##$$a Mainan Kertas =850 ##$$a NBPDMAT =990 ##$$a 21400377